Normal view
MARC view
- Art
Entry Topical Term
001 - CONTROL NUMBER
- control field: 121501
003 - CONTROL NUMBER IDENTIFIER
- control field: NUST
005 - DATE AND TIME OF LATEST TRANSACTION
- control field: 20240227131503.0
008 - FIXED-LENGTH DATA ELEMENTS
- fixed length control field: 240227|| aca||aabn | a|a d
040 ## - CATALOGING SOURCE
- Original cataloging agency: NUST
- Transcribing agency: NUST
150 ## - HEADING--TOPICAL TERM
- Topical term or geographic name entry element: Art
- General subdivision: Study and teaching
- Geographic subdivision: Germany (West)
670 ## - SOURCE DATA FOUND
- Source citation: Work cat.: (NUST): Itten, Johannes, 1888-1967. 121500, Design and form :, 1975.
